Lenguajes juveniles: El Dancehall, ¿ruptura o afianzamiento ideológico? = Youth languages: the dancehall, rupture or ideological strengthening? /
Gespeichert in:
| 1. Verfasser: | |
|---|---|
| Format: | Text |
| Tags: |
Tag hinzufügen
Keine Tags, Fügen Sie den ersten Tag hinzu!
|
MARC
| LEADER | 00000 a a2200000 04500 | ||
|---|---|---|---|
| 001 | 48591 | ||
| 003 | |||
| 040 | |||
| 100 | |a Ulloa Brenes, Gilbert | ||
| 245 | |a Lenguajes juveniles: El Dancehall, ¿ruptura o afianzamiento ideológico? = |b Youth languages: the dancehall, rupture or ideological strengthening? / |c Gilvert Ulloa Brenes | ||
| 773 | |g volumen94, número1, (2014), página 65-79 | ||
| 999 | |c 29727 |d 29727 | ||
